Sports Quiz

Random Sports or NBA Quiz

NBA Old Logos Quiz Stats

 Plays Quiz not verified by Sporcle

Score 0/30 Timer 05:00
0 Plays Today
% Correct
Chicago Bulls
93.7%
Cleveland Cavaliers
92.5%
Boston Celtics
92.1%
Detroit Pistons
89.5%
Charlotte Hornets
89.1%
Brooklyn Nets
88.7%
Los Angeles Lakers
88.7%
Los Angeles Clippers
87.9%
Oklahoma City Thunder
87.4%
Indiana Pacers
86.6%
Miami Heat
86.2%
Philadelphia 76ers
84.9%
Sacramento Kings
84.5%
Houston Rockets
84.1%
New York Knicks
83.7%
% Correct
Orlando Magic
83.3%
Minnesota Timberwolves
82.8%
Milwaukee Bucks
82.4%
New Orleans Pelicans
82.4%
Phoenix Suns
82.4%
Dallas Mavericks
81.2%
San Antonio Spurs
80.3%
Atlanta Hawks
78.2%
Memphis Grizzlies
78.2%
Toronto Raptors
78.2%
Washington Wizards
77.4%
Portland Trail Blazers
76.2%
Denver Nuggets
73.6%
Golden State Warriors
72%
Utah Jazz
59.4%

You're not logged in!

Compare scores with friends on all Sporcle quizzes.
OR
Log In

Show Comments

Extras

Created Nov 7, 2017ReportNominate
Tags:NBA Quiz, old

Top Quizzes Today


Score Distribution

Your Account Isn't Verified!

In order to create a playlist on Sporcle, you need to verify the email address you used during registration. Go to your Sporcle Settings to finish the process.

Report this User

Report this user for behavior that violates our Community Guidelines.

Details: